Statistics for Rhyming Geography

Click here to take the quiz!

General Stats

  • This quiz has been taken 122 times
    (109 since last reset)
  • The average score is 7 of 20

Answer Stats

HintAnswer% Correct
Hungarian capital + Romanian capitalBudapest-Bucharest
80%
Its capital is Athens + 5th largest French cityGreece-Nice
72%
Largest US state + 16th largest US stateAlaska-Nebraska
64%
Landlocked African country + Capital of AngolaRwanda/Uganda-Luanda
56%
Tehran's country + Thimphu's countryIran-Bhutan
49%
Mediterranean island nation + Conference city of CrimeaMalta-Yalta
47%
Southern Irish city + Northern English cityCork-York
46%
Banjul's country + Lusaka's countryGambia-Zambia
44%
Home of the Willis Tower + Capital of ChileChicago-Santiago
33%
City in Mali + Capital of NepalTimbuktu-Kathmandu
33%
Gaudi's country + The Pine Tree StateSpain-Maine
31%
Western European peninsula + Vast East Russian regionIberia-Siberia
28%
Indonesian Island + Capital of North CarolinaBali-Raleigh
27%
Enver Hoxha's country + Australia's largest islandAlbania-Tasmania
25%
Portuguese colony in India + Apia's countryGoa-Samoa
25%
North African country + South African countryLibya-Namibia
20%
Former Yugoslav republic + Region of ArgentinaMacedonia-Patagonia
17%
Lacedaemon + Capital of IndonesiaSparta-Jakarta
7%
California's 3rd largest city + French beach resort citySan José-St Tropez
2%
North Welsh city + Town in Uzbekistan's Surxondaryo regionBangor-Angor
1%

Score Distribution

Percentile by Number Answered

Percent of People with Each Score

Your Score History

You have not taken this quiz since the last reset